Ivan Franko und die jüdische Frage in Galizien

Titel: Ivan Franko und die jüdische Frage in Galizien : interkulturelle Begegnungen und Dynamiken im Schaffen des ukrainischen Schriftstellers / Alois Woldan / Olaf Terpitz (Hg.)
Beteiligt: ;
Ausgabe: 1. Auflage
Veröffentlicht: Göttingen : V&R unipress, 2015
Umfang: 135 Seiten
Format: Buch
Sprache: Deutsch; Englisch
RVK-Notation:
Schlagworte:
ISBN: 9783847105213 ; 3737005214 ; 3847005219 ; 3847105213 ; 9783737005210 ; 9783847005216 ; 9783847105213
Buchumschlag
X
Lokale Klassifikation: 37 3 F ; 37 8 G 15
alg: 37099545
001A    $03004:24-02-16 
001B    $01999:23-05-24 $t13:33:50.000 
001D    $03004:13-04-16 
001U    $0utf8 
001X    $00 
002@    $0Aau 
002C    $aText $btxt $2rdacontent 
002D    $aohne Hilfsmittel zu benutzen $bn $2rdamedia 
002E    $aBand $bnc $2rdacarrier 
003@    $0370995457 
003O    $01376790137 $aOCoLC 
004A    $A978-3-8471-0521-3 $fca. EUR 40.00 (DE) 
004A    $03-7370-0521-4 
004A    $03-8470-0521-9 
004A    $03-8471-0521-3 
004A    $A978-3-7370-0521-0 
004A    $A978-3-8470-0521-6 
004A    $A978-3-8471-0521-3 $fca. EUR 30.90 (AT), ca. sfr 38.90 (freier Pr.), ca. EUR 29.99 (DE) 
004K    $09783847105213 
006G    $01076404952 
006L    $0BV043184506 $2BVB 
006T    $015,N38 
006U    $016,A18 $f20150911 
007A    $01076404952 $aDNB 
007G    $0DE020FB0617858EA7C125C1257F9900402541 
009P    $qtext/html $A2 $3Inhaltstext $uhttp://deposit.dnb.de/cgi-bin/dokserv?id=3cc82feae5a943338f4c4ae2d2af05ed&prov=M&dok_var=1&dok_ext=htm $mX:MVB 
009P    $qapplication/pdf $A2 $3Inhaltsverzeichnis $uhttp://scans.hebis.de/HEBCGI/show.pl?37099545_toc.pdf $mV:DE-603;B:DE-Mb50 
010@    $ager $aeng 
011@    $a2015 $n2015 
021A    $aIvan Franko und die jüdische Frage in Galizien $dinterkulturelle Begegnungen und Dynamiken im Schaffen des ukrainischen Schriftstellers $hAlois Woldan / Olaf Terpitz (Hg.) 
028C    $BHerausgeber $#Voldan, Aloïz $#Volʹdan, Aloïz $4edt $71051391113 $8Woldan, Alois$Z1954- [Tp1] $9340381248 
028C    $BHerausgeber $#Tepnic, Olaf $4edt $7131979949 $8Terpitz, Olaf$Z1976- [Tp3] $9180446266 
032@    $a1. Auflage 
033A    $pGöttingen $nV&R unipress 
034D    $a135 Seiten 
044K    $qDNB $#Franko, Ivan $#Франко, Іван $#Franko, Iwan Ja. $#Franko, Ivan Ja. $#Franko, I. Ja. $#Franko, Iwan J. $#Franko, Ivan Iakovlevich $#Franko, Ivan Jakovlevič $#Franko, Iwan Jakowlewitsch $#Franko, Iwan Jakowytsch $#Franko, Ivan Jakovlevyč $#Frānkū, Īfān $#Franko, Joannes $#Franko, I. Ia. $#Franko, Ivan Iakovych $#Franko, Iv. $#Franko, Jv. $#Franko, Ivan Jakovič $#Franko, Iwan $#Franko, Ivan Jakovyč $#Franka, Ivana $#Франко, Иван $7118534920 $8Franko, Ivan$Z1856-1916 [Tp1] $9086875981 
044K    $qDNB $RLiteratur $RDas @Lyrische $#Poetry $#Poetry History and criticism $#Lyric poetry $#Poésie $#Poésie lyrique $#Poesia lirica $#Poesía $#Poesía lírica $#Gedicht Lyrik $#Poem Lyrik $#Dichtung Lyrik $#Poesie $#Lyrisches Werk $#Lyrikwerk $#Gedichtwerk $74036774-5 $8Lyrik [Tsz] $9085099805 
044K    $qDNB $RJudenbild $RMotiv $#Jews in art $#Jews in literature $#Judíos En el arte $#Judíos En la literatura $74123469-8 $8Juden$gMotiv [Ts1] $9085408123 
044K    $#Galizien (Osteuropa) $#Galicja $#Galicija $#Galizien und Lodomerien $#Königreich Galizien $#Provinz Galizien $#Halyčyna $#Galiitsia $#Galīcija $#Galičina $#Halič $#Галичина $#Галиция $74019124-2 $8Galizien [Tg1] $9085045411 
045E    $c891.8 
045F    $a909.04924094386 $eDDC23BSB 
045F/01 $a909.04924 
045F/03 $g4386 
045R    $aGeschichte 
045Z    $8KL 5756 [Tkv] $9409225770 
046L    $aBeiträge teilweise deutsch, teilweise englisch 

lok: 37099545 24
101B    $013-04-16 $t14:49:52.000 
101C    $013-04-16 
101U    $0utf8 
145Z/01 $a37 3 F 
145Z/02 $a37 8 G 15 

exp: 37099545 24 1 #EPN
201B/01 $013-04-16 $t14:50:17.000 
201C/01 $024-02-16 
201U/01 $0utf8 
203@/01 $0768757320 
208@/01 $a13-04-16 $bz 
209A/01 $a16.01539 $du $f050 $h16 01539 $x00 
209C/01 $a16.01539 K $h16 01539 K 
209G/01 $a73896584 $x00 
220C/01 $aeng/hae 
244Z/01 $#Franko, Ivan $#Франко, Іван $#Franko, Iwan Ja. $#Franko, Ivan Ja. $#Franko, I. Ja. $#Franko, Iwan J. $#Franko, Ivan Iakovlevich $#Franko, Ivan Jakovlevič $#Franko, Iwan Jakowlewitsch $#Franko, Iwan Jakowytsch $#Franko, Ivan Jakovlevyč $#Frānkū, Īfān $#Franko, Joannes $#Franko, I. Ia. $#Franko, Ivan Iakovych $#Franko, Iv. $#Franko, Jv. $#Franko, Ivan Jakovič $#Franko, Iwan $#Franko, Ivan Jakovyč $#Franka, Ivana $#Франко, Иван $7118534920 $8--Tp1--Franko, Ivan$Z1856-1916 $x01 $9086875981 
247C/01 $8358050-7 Marburg, Bibliothek des Herder-Instituts Marburg $9102600961 

lok: 37099545 25

exp: 37099545 25 1 #EPN
201B/01 $014-09-23 $t15:53:53.000 
201C/01 $021-04-23 
201U/01 $0utf8 
203@/01 $01233016237 
208@/01 $a21-04-23 $bztb 
209A/01 $aHc 317/36 $dd $f016 $x00 
209G/01 $a62215934 $x00 
209G/01 $aEvangelische Theologie $x01 
247C/01 $8651016-4 <77/016>Mainz, Universität Mainz, Bereichsbibliothek Katholische und Evangelische Theologie $9102599696 

lok: 37099545 78

exp: 37099545 78 1 #EPN
201B/01 $031-05-17 $t10:29:35.000 
201C/01 $031-05-17 
201U/01 $0utf8 
203@/01 $01000097307 
208@/01 $a31-05-17 $be 
209A/01 $a/ $f000 $x00 
209A/01 $ab*p $x01 
220C/01 $apgar 
244Z/01 $#Generalgouvernement Polen $#Polska $#Rzeczpospolita Polska $#Polska Rzeczpospolita Ludowa $#Poland $#Pologne $#République Polonaise $#Generalne Gubernatorstwo w Polsce $#Polish People's Republic $#Polska Rzeczpospolita Polen $#PRL $#RP $#Polen Generalgouvernement $#Polska Generalgouvernement $#Besetzte Polnische Gebiete $#Besetztes Gebiet in Polen $#Okupowane Polskie Obszary $#Obszary Okupowane w Polsce $#Volksrepublik Polen $#Polska Rosyjska $#Republic Polen $#Respublika Pol'ša $#Pol'skaja Narodnaja Respublika $#République de Pologne $#Polen Links der Weichsel $#Polska po Lewej Stronie Wisły $#Lenkija $#Polija $#Gubernija Carstva Pol'skago $#Republik Polen $74046496-9 $8--Tg1--Polen $x01 $9085129801 
247C/01 $82080>Marburg/Lahn, Herder-Institut, Forschungsbibliothek, Bibliographieportal $9336309341
LEADER 00000cam a2200000 c 4500
001 370995457
003 DE-603
005 20240523133350.0
007 tu
008 160224s2015 xx |||| | u00||u|ger
015 |a 16,A18  |z 15,N38  |2 dnb 
016 7 |2 DE-101  |a 1076404952 
020 |a 9783847105213  |c ca. EUR 40.00 (DE) 
020 |a 3737005214 
020 |a 3847005219 
020 |a 3847105213 
020 |a 9783737005210 
020 |a 9783847005216 
020 |a 9783847105213  |c ca. EUR 30.90 (AT), ca. sfr 38.90 (freier Pr.), ca. EUR 29.99 (DE) 
024 3 |a 9783847105213 
035 |a (DE-599)DNB1076404952 
035 |a (DE-604)BV043184506 
035 |a (OCoLC)1376790137 
040 |a DE-603  |b ger  |c DE-603  |d DE-603 
041 |a ger  |a eng 
082 0 4 |8 1\u  |a 909.04924094386  |q DE-101  |2 23/BSB 
084 |a 891.8  |q DE-101  |2 sdnb 
084 |a KL 5756  |0 (DE-625)78522:11874  |0 (DE-603)409225770  |2 rvk 
085 |8 1\u  |b 909.04924 
085 |8 1\u  |z 2  |s 4386 
245 0 0 |a Ivan Franko und die jüdische Frage in Galizien  |b interkulturelle Begegnungen und Dynamiken im Schaffen des ukrainischen Schriftstellers  |c Alois Woldan / Olaf Terpitz (Hg.) 
250 |a 1. Auflage 
264 1 |a Göttingen  |b V&R unipress  |c 2015 
300 |a 135 Seiten 
336 |a Text  |b txt  |2 rdacontent 
337 |a ohne Hilfsmittel zu benutzen  |b n  |2 rdamedia 
338 |a Band  |b nc  |2 rdacarrier 
546 |a Beiträge teilweise deutsch, teilweise englisch 
600 1 7 |a Franko, Ivan  |d 1856-1916  |0 (DE-588)118534920  |0 (DE-603)086875981  |2 gnd 
648 7 |a Geschichte  |2 gnd 
650 7 |a Lyrik  |0 (DE-588)4036774-5  |0 (DE-603)085099805  |2 gnd 
650 7 |a Juden  |g Motiv  |0 (DE-588)4123469-8  |0 (DE-603)085408123  |2 gnd 
651 7 |a Galizien  |0 (DE-588)4019124-2  |0 (DE-603)085045411  |2 gnd 
700 1 |a Woldan, Alois  |d 1954-  |e Herausgeber  |4 edt  |0 (DE-603)340381248  |0 (DE-588)1051391113  |2 gnd 
700 1 |a Terpitz, Olaf  |d 1976-  |e Herausgeber  |4 edt  |0 (DE-603)180446266  |0 (DE-588)131979949  |2 gnd 
856 4 2 |m X:MVB  |q text/html  |u http://deposit.dnb.de/cgi-bin/dokserv?id=3cc82feae5a943338f4c4ae2d2af05ed&prov=M&dok_var=1&dok_ext=htm  |3 Inhaltstext 
856 4 2 |m V:DE-603;B:DE-Mb50  |q application/pdf  |u http://scans.hebis.de/HEBCGI/show.pl?37099545_toc.pdf  |3 Inhaltsverzeichnis 
924 0 |9 Mb 50  |a (DE-603)768757320  |b DE-Mb50  |c HES  |d c  |g 16.01539 
924 0 |9 77/016  |a (DE-603)1233016237  |b DE-77-016  |c HES  |d d  |g Hc 317/36 
924 0 |9 2080  |a (DE-603)1000097307  |b DE-2080  |c HES  |d d  |g /